[Event "30. Staufer-Open (A)"]
[Site "?"]
[Date "2018.01.03"]
[Round "4"]
[White "Krassowizkij, Jaroslaw"]
[Black "Plat, Vojtech"]
[Result "1/2-1/2"]
[WhiteElo "2433"]
[BlackElo "2569"]
[PlyCount "26"]
[EventDate "2018.??.??"]
[WhiteTeam "SV Jedesheim 1921"]
[BlackTeam "SC Weiler im Allgäu e. V."]

1. d4 Nf6 2. c4 g6 3. f3 Nc6 4. d5 Ne5 5. e4 d6 6. Nc3 Bg7 7. f4 Ned7 8. Nh3 c6
9. Be2 Qa5 10. Nf2 O-O 11. O-O Qb6 12. Na4 Qc7 13. Be3 Nb6 1/2-1/2

[Event "30. Staufer-Open (A)"]
[Site "?"]
[Date "2018.01.03"]
[Round "4"]
[White "Kunin, Vitaly"]
[Black "Naumkin, Igor"]
[Result "1-0"]
[WhiteElo "2556"]
[BlackElo "2394"]
[PlyCount "123"]
[EventDate "2018.??.??"]
[WhiteTeam "Freibauer Mörlenbach-Birkenau"]

1. d4 Nf6 2. c4 e6 3. Nf3 b6 4. g3 Bb7 5. Bg2 Be7 6. O-O O-O 7. Nc3 Ne4 8. Qc2
Nxc3 9. Qxc3 f5 10. h4 h6 11. Ne5 Bxg2 12. Kxg2 Bf6 13. Qf3 c6 14. Ng6 Re8 15.
d5 cxd5 16. cxd5 Na6 17. Rd1 Qc8 18. e4 fxe4 19. Qxe4 Nc5 20. Qf3 Kh7 21. h5 d6
22. Rb1 e5 23. Be3 e4 24. Qe2 Nd3 25. Nf4 Nxf4+ 26. Bxf4 Qf5 27. Rbc1 Bg5 28.
Bxg5 Qxg5 29. Rc3 Re5 30. Re3 Rae8 31. Rh1 Rxd5 32. Rxe4 Rde5 33. Rxe5 Qxe5 34.
Qd3+ Qe4+ 35. Qxe4+ Rxe4 36. Kf3 Rc4 37. Re1 Kg8 38. Re8+ Kf7 39. Ra8 Ra4 40.
a3 Kf6 41. Ke3 Ra5 42. f4 Rb5 43. Rxa7 Rxb2 44. g4 Rg2 45. Kf3 Rd2 46. a4 Rd4
47. Ke3 Rd1 48. Rd7 g6 49. Rh7 gxh5 50. Rxh6+ Ke7 51. Rxh5 Ra1 52. Rh7+ Ke6 53.
f5+ Kd5 54. Kf4 Rxa4+ 55. Kg5 b5 56. f6 Ra8 57. Kf5 b4 58. Rb7 Kc4 59. f7 b3
60. g5 Ra1 61. Kg6 Rf1 62. Kg7 1-0

[Event "30. Staufer-Open (A)"]
[Site "?"]
[Date "2018.01.03"]
[Round "4"]
[White "Skembris, Spyridon"]
[Black "Lampert, Jonas"]
[Result "0-1"]
[WhiteElo "2387"]
[BlackElo "2518"]
[PlyCount "84"]
[EventDate "2018.??.??"]
[WhiteTeam "SC Grunbach"]
[BlackTeam "Hamburger SK von 1830 eV"]

1. c4 e6 2. g3 d5 3. Bg2 dxc4 4. Qa4+ c6 5. Qxc4 b5 6. Qc2 Bb7 7. b3 Nf6 8. Bb2
Be7 9. Nc3 Qb6 10. Ne4 Nbd7 11. Nxf6+ Bxf6 12. Bxf6 Nxf6 13. Rc1 c5 14. Bxb7
Qxb7 15. Nf3 Rc8 16. O-O O-O 17. d3 Rfd8 18. Qb2 Nd5 19. a3 b4 20. Rc4 Nc3 21.
Re1 a5 22. a4 f6 23. Qd2 e5 24. Qe3 Qe7 25. Nd2 Rd4 26. Rxd4 cxd4 27. Qf3 Qe6
28. Qb7 Re8 29. Nc4 e4 30. dxe4 Nxe4 31. Qc7 h6 32. Nxa5 Ng5 33. Rc1 Qe4 34.
Qc6 Nh3+ 35. Kf1 Qxe2+ 36. Kg2 Qxf2+ 37. Kxh3 Qf5+ 38. Kg2 Re2+ 39. Kh1 Qf2 40.
Qc4+ Kh8 41. Qxe2 Qxe2 42. Nc4 d3 0-1

[Event "30. Staufer-Open (A)"]
[Site "?"]
[Date "2018.01.03"]
[Round "4"]
[White "Zeller, Frank"]
[Black "Noe, Christopher"]
[Result "0-1"]
[WhiteElo "2379"]
[BlackElo "2474"]
[PlyCount "102"]
[EventDate "2018.??.??"]
[WhiteTeam "SK Schwäbisch Hall"]
[BlackTeam "SC Eppingen"]

1. Nf3 d5 2. c4 d4 3. b4 f6 4. d3 e5 5. a3 a5 6. b5 Ne7 7. g3 Nd7 8. a4 Nf5 9.
Bg2 Bb4+ 10. Nbd2 Nc5 11. O-O O-O 12. Nb3 Nxb3 13. Qxb3 c5 14. Ne1 Ra7 15. e4
dxe3 16. fxe3 Bxe1 17. Rxe1 b6 18. Bd5+ Kh8 19. Ra2 Bb7 20. Rf2 Bxd5 21. cxd5
Nd6 22. Ref1 Rc7 23. Qd1 e4 24. Rf4 Qe8 25. Bb2 exd3 26. Qxd3 Re7 27. R1f3 Qg6
28. Qe2 Re4 29. h4 Rxf4 30. exf4 Re8 31. Qd3 Qxd3 32. Rxd3 Re2 33. Bc3 Kg8 34.
g4 Re4 35. g5 Rxf4 36. gxf6 gxf6 37. Re3 Ne4 38. Bxa5 Rg4+ 39. Kf1 bxa5 40. b6
Rxh4 41. Kg2 Rf4 42. Rb3 Nd6 43. b7 Nxb7 44. Rxb7 Rd4 45. Ra7 Rxd5 46. Rxa5 Kf7
47. Ra6 Ke7 48. Rb6 Rd6 49. Rb5 Rd2+ 50. Kf3 Kd6 51. Ke4 Rd4+ 0-1

[Event "30. Staufer-Open (A)"]
[Site "?"]
[Date "2018.01.03"]
[Round "4"]
[White "Vorobiov, Evgeny E"]
[Black "Hoffmann, Hendrik"]
[Result "1-0"]
[WhiteElo "2547"]
[BlackElo "2232"]
[PlyCount "43"]
[EventDate "2018.??.??"]
[WhiteTeam "SF 90 Spraitbach e.V."]
[BlackTeam "Schachgemeinschaft Leipzig"]

1. d4 d5 2. c4 dxc4 3. Nf3 Nf6 4. e3 e6 5. Bxc4 c5 6. O-O a6 7. Nc3 Nc6 8. Bb3
Be7 9. Qe2 O-O 10. Rd1 Qc7 11. Bd2 cxd4 12. exd4 b5 13. Rac1 Bb7 14. d5 exd5
15. Nxd5 Nxd5 16. Bxd5 Rfe8 17. Be3 Rac8 18. Qc2 Bf6 19. Qf5 Qe7 20. Bc5 Qc7
21. Bd6 Qd8 22. Bxf7+ 1-0

[Event "30. Staufer-Open (A)"]
[Site "?"]
[Date "2018.01.03"]
[Round "4"]
[White "Novikov, Stanislav"]
[Black "Kersten, Uwe"]
[Result "1-0"]
[WhiteElo "2540"]
[BlackElo "2247"]
[PlyCount "63"]
[EventDate "2018.??.??"]
[BlackTeam "Kasseler SK 1876"]

1. c4 e5 2. Nc3 d6 3. g3 f5 4. Bg2 Nf6 5. d3 Be7 6. Nf3 O-O 7. O-O Nc6 8. Rb1
Qe8 9. b4 Qh5 10. b5 Nd8 11. Nd5 Nxd5 12. cxd5 f4 13. Rb4 g5 14. Rc4 Rf6 15.
Rxc7 Bf8 16. Re1 Nf7 17. Nd2 Bh3 18. e3 f3 19. Bxf3 g4 20. Bh1 Ng5 21. Ne4 Nxe4
22. Bxe4 Rf7 23. Qc2 Be7 24. Rc8+ Rf8 25. Rxa8 Rxa8 26. Qc7 Qe8 27. Bf5 Qf8 28.
e4 Re8 29. Be3 b6 30. Rc1 Kh8 31. Qxa7 Ra8 32. Qxa8 1-0

[Event "30. Staufer-Open (A)"]
[Site "?"]
[Date "2018.01.03"]
[Round "4"]
[White "Neukirchner, Pascal"]
[Black "Burmakin, Vladimir"]
[Result "0-1"]
[WhiteElo "2198"]
[BlackElo "2526"]
[PlyCount "154"]
[EventDate "2018.??.??"]
[WhiteTeam "SK Gründau"]
[BlackTeam "SF 90 Spraitbach e.V."]

1. d4 Nf6 2. c4 e6 3. g3 d5 4. Nf3 Nbd7 5. Bg2 c6 6. Qc2 Be7 7. O-O O-O 8. Nbd2
b5 9. b3 Ba6 10. Rd1 bxc4 11. bxc4 Qa5 12. e4 dxe4 13. Nxe4 Nxe4 14. Qxe4 Bxc4
15. Qxc6 Nb6 16. Bd2 Qa3 17. Ne5 Bd5 18. Bxd5 Nxd5 19. Rdc1 Qb2 20. Bc3 Qe2 21.
Qc4 Qxc4 22. Nxc4 Rab8 23. Ba5 h5 24. Rab1 Rfc8 25. Ne5 Rxc1+ 26. Rxc1 Bf6 27.
Rc2 Bxe5 28. dxe5 Kh7 29. f4 Kg6 30. Kf2 Rb5 31. Bd2 Rb6 32. Kf3 Ra6 33. Bc1
Nb4 34. Rc4 Nxa2 35. Bd2 Ra3+ 36. Ke4 a5 37. h3 Rxg3 38. Bxa5 Rxh3 39. Rc6 Ra3
40. f5+ Kh7 41. fxe6 Ra4+ 42. Kf3 fxe6 43. Bd8 Rd4 44. Bg5 Kg6 45. Be3 Rg4 46.
Rxe6+ Kf5 47. Re8 Nb4 48. e6 Nd3 49. e7 Ke6 50. Rh8 Ne5+ 51. Kf2 Kxe7 52. Rxh5
Kf6 53. Bd2 g6 54. Rh8 Rc4 55. Rf8+ Ke6 56. Kg3 Rc2 57. Bf4 Rc3+ 58. Kh4 Nd7
59. Rd8 Rc5 60. Kg4 Nf6+ 61. Kf3 Rc3+ 62. Ke2 Ne4 63. Be3 Ng3+ 64. Kd2 Rb3 65.
Bf4 Ne4+ 66. Ke2 Kf5 67. Be3 Kg4 68. Rd4 Rb2+ 69. Kd1 Kf3 70. Bh6 Rh2 71. Rd3+
Kg4 72. Be3 Nf2+ 73. Bxf2 Rxf2 74. Ke1 Rf4 75. Rd8 g5 76. Ke2 Kg3 77. Rd3+ Kg2
0-1

[Event "30. Staufer-Open (A)"]
[Site "?"]
[Date "2018.01.03"]
[Round "4"]
[White "Kantor, Gergely"]
[Black "Reimche, Vadim"]
[Result "1-0"]
[WhiteElo "2518"]
[BlackElo "2040"]
[PlyCount "61"]
[EventDate "2018.??.??"]
[BlackTeam "TG Biberach"]

1. d4 Nf6 2. c4 c6 3. Nf3 g6 4. Nc3 d5 5. cxd5 cxd5 6. Bf4 Bg7 7. e3 O-O 8. Bd3
Nc6 9. O-O Nh5 10. Bg5 Be6 11. Rc1 Qd6 12. h3 h6 13. Bh4 f5 14. Nd2 Bf7 15. f4
Nxd4 16. g4 fxg4 17. hxg4 Qe6 18. Re1 Nxf4 19. exf4 Qd6 20. Rf1 g5 21. fxg5
hxg5 22. Bf2 Qf4 23. Ne2 Qxg4+ 24. Ng3 Qf4 25. Kg2 Be5 26. Be1 Qe3 27. Rc3 Kg7
28. Bb1 Qf4 29. Rxf4 gxf4 30. Qg4+ Kf6 31. Nde4+ 1-0

[Event "30. Staufer-Open (A)"]
[Site "?"]
[Date "2018.01.03"]
[Round "4"]
[White "Kjartansson, Gudmundur"]
[Black "Golovkina, Anastasia"]
[Result "1-0"]
[WhiteElo "2438"]
[BlackElo "2019"]
[PlyCount "61"]
[EventDate "2018.??.??"]

1. Nf3 d5 2. g3 Nf6 3. Bg2 e6 4. O-O Be7 5. b3 O-O 6. c4 c6 7. Bb2 Nbd7 8. d3
b6 9. Nbd2 Bb7 10. Qc2 c5 11. e4 d4 12. b4 Qc7 13. b5 e5 14. Rae1 Rae8 15. Bc1
Bd6 16. Nh4 Nh5 17. Nf5 g6 18. Nxd6 Qxd6 19. Qd1 f6 20. f4 f5 21. exf5 Bxg2 22.
Kxg2 Rxf5 23. Ne4 Qf8 24. fxe5 Rexe5 25. g4 Nf4+ 26. Kg3 Nh5+ 27. gxh5 gxh5 28.
Kg2 Kh8 29. Kh1 h4 30. Bg5 h3 31. Bh4 1-0

[Event "30. Staufer-Open (A)"]
[Site "?"]
[Date "2018.01.03"]
[Round "4"]
[White "Nazarova, Anastasia"]
[Black "Miezis, Normunds"]
[Result "0-1"]
[WhiteElo "2033"]
[BlackElo "2434"]
[PlyCount "80"]
[EventDate "2018.??.??"]
[BlackTeam "SC Emmendingen 1937 e.V."]

1. e4 c5 2. Nf3 e6 3. d4 cxd4 4. Nxd4 a6 5. Bd3 g6 6. c4 Bg7 7. Nb3 Ne7 8. Nc3
O-O 9. O-O Nbc6 10. Be3 d5 11. exd5 exd5 12. Bg5 h6 13. Bh4 dxc4 14. Bxc4 Qxd1
15. Raxd1 Nf5 16. Bg3 Nxg3 17. hxg3 Rb8 18. Rd2 b5 19. Be2 Re8 20. Rfd1 h5 21.
Kf1 Ne5 22. Nc5 Nc4 23. Bxc4 bxc4 24. Rd8 Kf8 25. Rxe8+ Kxe8 26. Rd2 a5 27. f3
Bf5 28. Kf2 Bh6 29. Re2+ Kf8 30. N5e4 Kg7 31. Na4 Kf8 32. Nac3 Bg7 33. Rd2 Be5
34. Nd6 Bxd6 35. Rxd6 Rxb2+ 36. Kg1 Rc2 37. Nd1 c3 38. a3 Rc1 39. Kf2 c2 40.
Ke2 Ra1 0-1

[Event "30. Staufer-Open (A)"]
[Site "?"]
[Date "2018.01.03"]
[Round "4"]
[White "Kabelka, Ondrej"]
[Black "Antal, Tibor Kende"]
[Result "0-1"]
[WhiteElo "2026"]
[BlackElo "2419"]
[PlyCount "86"]
[EventDate "2018.??.??"]

1. d4 Nf6 2. c4 e6 3. Nc3 Bb4 4. e3 O-O 5. Nge2 d5 6. a3 Be7 7. cxd5 exd5 8.
Ng3 c5 9. Be2 cxd4 10. exd4 Nc6 11. O-O Be6 12. Be3 Rc8 13. Rc1 Na5 14. Na4 Nc4
15. Qb3 b6 16. Rfe1 Qd7 17. Nf1 Ne4 18. Nc3 Na5 19. Qa2 Nxc3 20. bxc3 Qa4 21.
Bf3 Qxa3 22. Qxa3 Bxa3 23. Rc2 Nc4 24. Nd2 Nxe3 25. fxe3 Bf5 26. Ra2 Rxc3 27.
Bxd5 Be6 28. Bxe6 fxe6 29. Nf3 b5 30. e4 a5 31. Rd1 a4 32. Ng5 Rc1 33. Rad2 Bb4
34. Rd3 Rxd1+ 35. Rxd1 Bc3 36. Nxe6 a3 37. Nxf8 Kxf8 38. Kf2 a2 39. Ke3 Ke7 40.
e5 a1=Q 41. Rxa1 Bxa1 42. Ke4 b4 43. Kd3 b3 0-1

[Event "30. Staufer-Open (A)"]
[Site "?"]
[Date "2018.01.03"]
[Round "4"]
[White "Trumpp, Lothar"]
[Black "Wenninger, Philipp"]
[Result "0-1"]
[WhiteElo "2011"]
[BlackElo "2349"]
[PlyCount "114"]
[EventDate "2018.??.??"]
[WhiteTeam "VSG 1880 Offenbach"]
[BlackTeam "SC Erlangen 48/88"]

1. Nc3 d5 2. e4 c6 3. Nf3 Bg4 4. Be2 Nf6 5. exd5 cxd5 6. d4 Nc6 7. O-O e6 8. a3
Bd6 9. Be3 Rc8 10. Qd2 O-O 11. Rfe1 a6 12. h3 Bh5 13. Bf4 Bxf4 14. Qxf4 Bxf3
15. Bxf3 Qb6 16. Ne2 Qxb2 17. Reb1 Qxc2 18. Rxb7 Na5 19. Rb6 Nb3 20. Re1 a5 21.
h4 a4 22. h5 h6 23. g4 Qc7 24. Qxc7 Rxc7 25. Rd1 Ra8 26. Rd3 Rc2 27. Nc3 Rc1+
28. Kg2 Ra1 29. Nb5 Na5 30. Rc3 Rb1 31. Rc7 Ne8 32. Rd7 Nf6 33. Rc7 Ne8 34. Rd7
Rc1 35. Na7 Rc7 36. Rxc7 Nxc7 37. Nb5 Nxb5 38. Rxb5 Nc4 39. Bd1 Nxa3 40. Rb4
Nc4 41. Bxa4 Kf8 42. f4 Nd6 43. Kf3 Rc8 44. Bd1 Rc3+ 45. Ke2 Rg3 46. Kf1 Ne4
47. Be2 Nc3 48. g5 hxg5 49. fxg5 Rxg5 50. Bf3 Ne4 51. Rb8+ Ke7 52. Rh8 Ng3+ 53.
Kf2 Nf5 54. Bd1 Kf6 55. Be2 Nxd4 56. h6 gxh6 57. Rxh6+ Kg7 0-1

[Event "30. Staufer-Open (A)"]
[Site "?"]
[Date "2018.01.03"]
[Round "4"]
[White "Schitco, Ivan"]
[Black "Schweizer, Manfred"]
[Result "1/2-1/2"]
[WhiteElo "2334"]
[BlackElo "2013"]
[PlyCount "80"]
[EventDate "2018.??.??"]
[BlackTeam "Post-SV Memmingen e.V."]

1. d4 Nf6 2. c4 c5 3. d5 e6 4. Nc3 exd5 5. cxd5 d6 6. Nf3 g6 7. g3 Bg7 8. Bg2
O-O 9. O-O Re8 10. Bf4 Nh5 11. Bg5 f6 12. Bd2 f5 13. Ng5 Nf6 14. Ne6 Bxe6 15.
dxe6 Nc6 16. Qb3 Qe7 17. Nd5 Nxd5 18. Bxd5 Nd4 19. Qd3 Nxe6 20. e4 f4 21. Bxf4
Bd4 22. Be3 Kh8 23. Bxd4+ Nxd4 24. f4 Rab8 25. Kg2 Qd7 26. b4 Qa4 27. bxc5 dxc5
28. Rfc1 b6 29. Rc4 Qd7 30. a4 Qg7 31. Ra2 g5 32. f5 g4 33. Rf2 Rf8 34. Qe3
Rbd8 35. Rc1 Qe5 36. Qc3 Rxd5 37. exd5 Qxd5+ 38. Kg1 Rxf5 39. Rxf5 Qxf5 40. Qe3
Nf3+ 1/2-1/2

[Event "30. Staufer-Open (A)"]
[Site "?"]
[Date "2018.01.03"]
[Round "4"]
[White "Krastev, Alexander"]
[Black "Buckels, Valentin"]
[Result "1/2-1/2"]
[WhiteElo "2004"]
[BlackElo "2332"]
[PlyCount "65"]
[EventDate "2018.??.??"]
[WhiteTeam "Biebertaler Schachfreunde"]
[BlackTeam "Schachverein Mülheim-Nord 1931 e"]

1. e4 e5 2. Bc4 Nf6 3. d3 Nc6 4. Nc3 Na5 5. Nge2 c6 6. O-O b5 7. Bb3 b4 8. Nb1
d5 9. Nd2 Nxb3 10. axb3 Bc5 11. exd5 cxd5 12. d4 exd4 13. Nf3 O-O 14. Nexd4 Bg4
15. Ra6 Bb6 16. Bg5 Qc8 17. Ra4 Ne4 18. Be7 Re8 19. Bxb4 Bxd4 20. Qxd4 Qxc2 21.
Ne5 Be6 22. f3 Nf6 23. Bc3 Qxb3 24. Rfa1 Qc2 25. h3 Re7 26. Rxa7 Rexa7 27. Rxa7
Rxa7 28. Qxa7 h5 29. Qd4 Qb3 30. g4 hxg4 31. hxg4 Qc2 32. b4 Bc8 33. Qd3
1/2-1/2

[Event "30. Staufer-Open (A)"]
[Site "?"]
[Date "2018.01.03"]
[Round "4"]
[White "Seitz, Patrick"]
[Black "Wichmann, Cliff"]
[Result "1/2-1/2"]
[WhiteElo "1980"]
[BlackElo "2314"]
[PlyCount "122"]
[EventDate "2018.??.??"]
[WhiteTeam "SR Heuberg-Gosheim"]
[BlackTeam "ESV Nickelhütte Aue"]

1. e4 e6 2. d4 d5 3. Nd2 Nf6 4. e5 Nfd7 5. Bd3 c5 6. c3 Nc6 7. Ne2 cxd4 8. cxd4
f6 9. exf6 Nxf6 10. O-O Bd6 11. Nf3 Qc7 12. a3 O-O 13. Ng3 Kh8 14. b4 e5 15.
dxe5 Nxe5 16. Nxe5 Bxe5 17. Ra2 Bg4 18. Qb3 Qd6 19. Rc2 Nh5 20. Be2 Nxg3 21.
hxg3 Be6 22. Bb2 d4 23. Bc4 Bf5 24. Bd3 Rad8 25. f4 Bxd3 26. Qxd3 Bf6 27. Rd1
Rd7 28. Rc4 Rfd8 29. Rdc1 Qe6 30. Rc8 h6 31. Rxd8+ Rxd8 32. Rd1 a6 33. Qf3 b5
34. Qf2 d3 35. Bxf6 Qxf6 36. Qc5 Qe6 37. Qc7 Rd5 38. Qc1 d2 39. Qc3 Qe2 40. Qf3
Qc4 41. Qe3 Rd3 42. Qe2 Rxg3 43. Qxd2 Rxa3 44. Rc1 Qd3 45. Qxd3 Rxd3 46. Rb1
Kh7 47. Kf2 Kg6 48. Ra1 Rd6 49. Kf3 h5 50. g4 hxg4+ 51. Kxg4 Kf6 52. Rc1 Kg6
53. Ra1 Rc6 54. Ra2 Kf6 55. Ra1 Ke7 56. Kf5 Kd8 57. Rg1 Rc7 58. Rg6 Ra7 59. Ke5
Ke8 60. Kd5 Kf8 61. Kc5 Rf7 1/2-1/2

[Event "30. Staufer-Open (A)"]
[Site "?"]
[Date "2018.01.03"]
[Round "4"]
[White "Dgebuadze, Alexandre"]
[Black "Brem, Stephan"]
[Result "1-0"]
[WhiteElo "2521"]
[BlackElo "2113"]
[PlyCount "63"]
[EventDate "2018.??.??"]
[WhiteTeam "SC Remagen-Sinzig"]
[BlackTeam "Schachklub München Südost e.V."]

1. e4 b6 2. d4 Bb7 3. Nc3 e6 4. Nge2 Nf6 5. e5 Nd5 6. Nxd5 Bxd5 7. Nf4 Bb7 8.
Qg4 g6 9. h4 f5 10. Qg3 Qe7 11. Nd3 Rg8 12. Bg5 Qf7 13. Qe3 Nc6 14. O-O-O h6
15. Bxh6 Bxh6 16. Qxh6 Nxd4 17. Qg5 Nc6 18. Be2 Qe7 19. Bf3 Kf7 20. Nf4 Rad8
21. Qg3 Qc5 22. Bxc6 Bxc6 23. h5 g5 24. Ng6 g4 25. Qh4 Kg7 26. Qf6+ Kh7 27. h6
Rxg6 28. Qxd8 Qxe5 29. Qe7+ Kh8 30. h7 Qf4+ 31. Kb1 Rh6 32. Qf7 1-0

[Event "30. Staufer-Open (A)"]
[Site "?"]
[Date "2018.01.03"]
[Round "4"]
[White "Wagner, Hans"]
[Black "Velicka, Petr"]
[Result "0-1"]
[WhiteElo "2103"]
[BlackElo "2429"]
[PlyCount "25"]
[EventDate "2018.??.??"]
[WhiteTeam "SC Stein 1998 e.V."]
[BlackTeam "SG Schwäbisch Gmünd 1872 e.V"]

1. e4 c6 2. d3 d5 3. Nd2 Nf6 4. Ngf3 Bg4 5. g3 dxe4 6. h3 Bxf3 7. Nxf3 exf3 8.
Qxf3 Qd5 9. Bg2 Qxf3 10. Bxf3 e6 11. O-O Nbd7 12. d4 Bd6 13. b3 0-1

[Event "30. Staufer-Open (A)"]
[Site "?"]
[Date "2018.01.03"]
[Round "4"]
[White "Kraus, Tomas"]
[Black "Haselhorst, Helmut"]
[Result "1-0"]
[WhiteElo "2426"]
[BlackElo "2093"]
[PlyCount "119"]
[EventDate "2018.??.??"]
[BlackTeam "Schachclub Steinfurt 1996 e.V."]

1. d4 Nf6 2. g3 g6 3. Bg2 Bg7 4. e4 d6 5. Ne2 O-O 6. Nbc3 Na6 7. O-O c5 8. h3
Rb8 9. a4 Bd7 10. Bg5 b6 11. Qd2 cxd4 12. Nxd4 Nc5 13. Rfe1 Re8 14. b3 Ne6 15.
Be3 Nxd4 16. Bxd4 Qc8 17. Kh2 Bc6 18. Nb5 Rb7 19. c4 Rd7 20. Rad1 Qa8 21. Qc2
Rc8 22. Qb1 Qb7 23. Nc3 Rdd8 24. Re2 e6 25. Qb2 Rd7 26. Nd5 Bxd5 27. cxd5 e5
28. Be3 Rdc7 29. Rdd2 Nd7 30. g4 a5 31. Re1 Nc5 32. Qb1 Na6 33. Bf1 Nb4 34. Bc4
Rf8 35. f3 h6 36. Rc1 Kh7 37. Rc3 Qb8 38. Qg1 Rb7 39. Bb5 Qd8 40. Qf2 Bf6 41.
Rc4 Bg5 42. Rd1 Bxe3 43. Qxe3 Qg5 44. Qxg5 hxg5 45. Rdc1 f5 46. Rc7+ Rf7 47.
Rxb7 Rxb7 48. Rc8 fxe4 49. fxe4 Rf7 50. Rb8 Rf4 51. Rxb6 Rxe4 52. Rxd6 Rd4 53.
Rd7+ Kg8 54. d6 e4 55. Rd8+ Kf7 56. d7 e3 57. Re8 Rd2+ 58. Kg3 e2 59. Rxe2 Rxe2
60. d8=Q 1-0

[Event "30. Staufer-Open (A)"]
[Site "?"]
[Date "2018.01.03"]
[Round "4"]
[White "Höglauer, Patrick"]
[Black "Thomas, Ingo"]
[Result "1-0"]
[WhiteElo "2343"]
[BlackElo "2086"]
[PlyCount "65"]
[EventDate "2018.??.??"]
[WhiteTeam "SC Grunbach"]
[BlackTeam "Krefelder SK Turm"]

1. e4 Nc6 2. Nf3 Nf6 3. e5 Ng4 4. d4 d6 5. h3 Nh6 6. exd6 Qxd6 7. Nc3 Bf5 8. d5
Nb8 9. Nb5 Qd8 10. Bf4 Na6 11. Qd4 f6 12. O-O-O Nf7 13. Qc3 Nd6 14. Nbd4 g6 15.
Nxf5 gxf5 16. Bxa6 bxa6 17. Qc6+ Kf7 18. Nd4 Rb8 19. Ne6 Qc8 20. Rhe1 Rb4 21.
Bxd6 exd6 22. Qc3 Bh6+ 23. Kb1 Qb7 24. a3 Re4 25. Qf3 Rb8 26. b3 Rxe1 27. Rxe1
Kg6 28. g4 fxg4 29. Qxg4+ Bg5 30. Nf4+ Kf7 31. Qd7+ Kg8 32. Nh5 c5 33. Re8+ 1-0

[Event "30. Staufer-Open (A)"]
[Site "?"]
[Date "2018.01.03"]
[Round "4"]
[White "Hönick, Andreas"]
[Black "Gheng, Josef"]
[Result "0-1"]
[WhiteElo "2112"]
[BlackElo "2334"]
[PlyCount "66"]
[EventDate "2018.??.??"]
[WhiteTeam "SG Schwäbisch Gmünd 1872 e.V"]
[BlackTeam "SK Wernau"]

1. d4 Nf6 2. c4 e6 3. Nc3 Bb4 4. Qc2 b6 5. e4 Bb7 6. Bd3 c5 7. d5 e5 8. Nge2 d6
9. a3 Bxc3+ 10. Qxc3 Nbd7 11. Ng3 Qe7 12. b4 g6 13. O-O h5 14. f3 Rg8 15. Be3
h4 16. Ne2 g5 17. h3 Nh5 18. Nc1 Bc8 19. Rf2 Nf8 20. a4 Ng6 21. a5 Rb8 22. axb6
axb6 23. bxc5 bxc5 24. Rb2 Rxb2 25. Qxb2 Kf8 26. Qb6 Ngf4 27. Ra7 Qf6 28. Ra8
Kg7 29. Bf1 Ng3 30. Kf2 Nxh3+ 31. gxh3 Nxf1 32. Bxc5 Nd2 33. Qxd6 Nxe4+ 0-1

[Event "30. Staufer-Open (A)"]
[Site "?"]
[Date "2018.01.03"]
[Round "4"]
[White "Kostic, Vladimir"]
[Black "Richter, Gerald"]
[Result "1/2-1/2"]
[WhiteElo "2326"]
[BlackElo "2077"]
[PlyCount "63"]
[EventDate "2018.??.??"]
[WhiteTeam "Schachklub München Südost e.V."]
[BlackTeam "Siegener SV"]

1. Nf3 c5 2. g3 Nc6 3. Bg2 g6 4. O-O Bg7 5. c4 e6 6. e3 Nge7 7. d4 cxd4 8. exd4
d5 9. cxd5 Nxd5 10. Nc3 O-O 11. Nxd5 exd5 12. Be3 Qb6 13. Qd2 Re8 14. Rfe1 Bg4
15. Ne5 Be6 16. Nxc6 bxc6 17. Rac1 a5 18. h3 h5 19. a3 Bd7 20. Bf1 Ra7 21. Rc5
a4 22. Re2 Bf8 23. Rc1 Rb7 24. Qd1 Qb3 25. Qe1 Qb6 26. Rc3 Bg7 27. Qd1 Qa7 28.
Rd2 Rb6 29. b4 axb3 30. Rxb3 Rxb3 31. Qxb3 Rb8 32. Qa2 1/2-1/2

[Event "30. Staufer-Open (A)"]
[Site "?"]
[Date "2018.01.03"]
[Round "4"]
[White "Stefansson, Vignir Vatnar"]
[Black "Wortmann, Klaus-Peter"]
[Result "1-0"]
[WhiteElo "2304"]
[BlackElo "2083"]
[PlyCount "57"]
[EventDate "2018.??.??"]
[BlackTeam "Märkischer Springer Halver-Schal"]

1. d4 f5 2. c4 Nf6 3. Nc3 e6 4. g3 d5 5. Nf3 Bd6 6. Bg2 O-O 7. O-O c6 8. b3
Nbd7 9. Bb2 Qe8 10. Qd2 Nh5 11. e3 b6 12. Ne2 dxc4 13. bxc4 Ba6 14. Rac1 Rc8
15. Nf4 Nhf6 16. Rfe1 Ne4 17. Qc2 Rc7 18. Ne5 Bxe5 19. dxe5 c5 20. Rcd1 Bb7 21.
f3 Ng5 22. Rd6 Rc6 23. Red1 Rxd6 24. Rxd6 Bxf3 25. Nxe6 Bxg2 26. Nxg5 Ba8 27.
Ne6 Be4 28. Qd2 Rf7 29. Nc7 1-0

[Event "30. Staufer-Open (A)"]
[Site "?"]
[Date "2018.01.03"]
[Round "4"]
[White "Suvorov, Luca"]
[Black "Schulz, Karsten"]
[Result "1/2-1/2"]
[WhiteElo "2086"]
[BlackElo "2293"]
[PlyCount "67"]
[EventDate "2018.??.??"]
[WhiteTeam "Schachgemeinschaft Porz e.V."]
[BlackTeam "SF Schwerin"]

1. d4 d6 2. Nf3 Nf6 3. g3 Nbd7 4. Bg2 e5 5. O-O Be7 6. c4 O-O 7. Nc3 c6 8. e4
Qc7 9. h3 a6 10. a4 a5 11. Be3 exd4 12. Nxd4 Nc5 13. Re1 Re8 14. Qc2 Bd7 15.
Rad1 Rad8 16. f4 Bf8 17. Bf2 Bc8 18. Nb3 Nfd7 19. Nxc5 Nxc5 20. g4 Be6 21. Bf1
f6 22. Rd2 Bf7 23. Red1 d5 24. cxd5 cxd5 25. Nxd5 Bxd5 26. Rxd5 Rxd5 27. Rxd5
b6 28. Bb5 Rd8 29. Rxd8 Qxd8 30. Qc4+ Kh8 31. Qd5 Qxd5 32. exd5 Kg8 33. Bc4 Bd6
34. Bxc5 1/2-1/2

[Event "30. Staufer-Open (A)"]
[Site "?"]
[Date "2018.01.03"]
[Round "4"]
[White "Hahn, Markus"]
[Black "Kasüschke, Lars"]
[Result "1/2-1/2"]
[WhiteElo "2282"]
[BlackElo "2038"]
[PlyCount "110"]
[EventDate "2018.??.??"]
[WhiteTeam "Kasseler SK 1876"]
[BlackTeam "SG Schwäbisch Gmünd 1872 e.V"]

1. d4 Nf6 2. c4 e6 3. Nf3 d5 4. g3 Be7 5. Bg2 O-O 6. O-O dxc4 7. Qa4 a6 8. Qxc4
b5 9. Qc2 Bb7 10. Bd2 Be4 11. Qc1 c6 12. Rd1 Nbd7 13. Nc3 Bg6 14. Nh4 Bh5 15.
a3 Nd5 16. Nf3 N7f6 17. Qc2 Bg6 18. Qb3 c5 19. Nxd5 Nxd5 20. dxc5 Bxc5 21. Rac1
Qb6 22. Be1 Rac8 23. Ne5 Rfd8 24. Nxg6 hxg6 25. Bxd5 Rxd5 26. Rxd5 exd5 27. e3
Rd8 28. Qc2 Be7 29. Bc3 Bf6 30. Qd2 Bxc3 31. Rxc3 Qf6 32. Kg2 Kh7 33. Rd3 Qc6
34. Rd4 Re8 35. Kg1 Re5 36. Rd3 Qe6 37. Rd4 g5 38. Qe2 g6 39. Kg2 Re4 40. Qd2
Rxd4 41. Qxd4 Qe4+ 42. Qxe4 dxe4 43. f3 Kg7 44. fxe4 Kf6 45. Kf3 Ke5 46. b4 f6
47. g4 Ke6 48. Ke2 Kd6 49. Kd2 Ke6 50. Kc3 Ke5 51. Kd3 Ke6 52. Kd4 Kd6 53. h3
Ke6 54. Kc3 Kd6 55. Kd4 Ke6 1/2-1/2

[Event "30. Staufer-Open (A)"]
[Site "?"]
[Date "2018.01.03"]
[Round "4"]
[White "Weiß, Oliver"]
[Black "Kruse, Janik"]
[Result "1/2-1/2"]
[WhiteElo "2280"]
[BlackElo "2046"]
[PlyCount "57"]
[EventDate "2018.??.??"]
[WhiteTeam "TG Biberach"]
[BlackTeam "LSV Turm Lippstadt"]

1. d4 d5 2. Bf4 Nf6 3. e3 e6 4. Nd2 Be7 5. Bd3 O-O 6. c3 b6 7. Ngf3 Ba6 8. Bxa6
Nxa6 9. Qe2 Nb8 10. e4 dxe4 11. Nxe4 Nbd7 12. O-O Nxe4 13. Qxe4 Nf6 14. Qe2 c5
15. dxc5 Bxc5 16. Rad1 Qe8 17. Qa6 Qc8 18. Qxc8 Raxc8 19. Bg5 Rfd8 20. Bxf6
gxf6 21. Rxd8+ Rxd8 22. Rc1 Kf8 23. Kf1 Ke7 24. Ke2 e5 25. b4 Bd6 26. Nh4 Ke6
27. g4 h5 28. h3 hxg4 29. hxg4 1/2-1/2

[Event "30. Staufer-Open (A)"]
[Site "?"]
[Date "2018.01.03"]
[Round "4"]
[White "Hart, Martin"]
[Black "Namyslo, Holger"]
[Result "1/2-1/2"]
[WhiteElo "2086"]
[BlackElo "2278"]
[PlyCount "43"]
[EventDate "2018.??.??"]
[WhiteTeam "SV Hellern"]
[BlackTeam "TG Biberach"]

1. e4 e6 2. Qe2 Be7 3. g3 d5 4. d3 c5 5. Bg2 Nf6 6. Nf3 Nc6 7. O-O b6 8. e5 Nd7
9. c4 dxc4 10. dxc4 Bb7 11. Re1 Qc7 12. Nc3 a6 13. b3 O-O-O 14. Bb2 g5 15. Ne4
Rhg8 16. Rad1 Ndxe5 17. Nexg5 Rxd1 18. Rxd1 Nxf3+ 19. Nxf3 Rd8 20. Rxd8+ Qxd8
21. Ne5 Nxe5 22. Bxe5 1/2-1/2